Normal view
MARC view
Entry Topical Term
001 - CONTROL NUMBER
- control field: 4036
003 - CONTROL NUMBER IDENTIFIER
- control field: dpl
005 - DATE AND TIME OF LATEST TRANSACTION
- control field: 20100802123224.0
008 - FIXED-LENGTH DATA ELEMENTS
- fixed length control field: 100802|||a|||||| | ||| d
040 ## - CATALOGING SOURCE
- Original cataloging agency: dpl
- Transcribing agency: dpl
150 ## - HEADING--TOPICAL TERM
- Topical term or geographic name as entry element: Utopia
670 ## - SOURCE DATA FOUND
- Source citation: Work cat.: (dpl)38599: More, Thomas 4035, Utopia, 2009
670 ## - SOURCE DATA FOUND
- Source citation: Work cat.: (dpl)38599: More, Thomas 4035, Utopia, 2009
